The decline of the Empire of the Oghuz Yabghu

Elmentve itt :
Bibliográfiai részletek
Szerző: Pritsak Omeljan
Dokumentumtípus: Cikk
Megjelent: 1952
Sorozat:The Annals of the Ukrainian Academy of Arts and Sciences in the U. S
Kulcsszavak:Úzok története
Tárgyszavak:
Online Access:http://misc.bibl.u-szeged.hu/64302
LEADER 00789nab a2200229 i 4500
001 misc64302
005 20230512151929.0
008 230322s1952 hu o 0|| eng d
040 |a SZTE Miscellanea Repozitórium  |b hun 
041 |a eng 
100 1 |a Pritsak Omeljan 
245 1 4 |a The decline of the Empire of the Oghuz Yabghu  |h [elektronikus dokumentum] /  |c  Pritsak Omeljan 
260 |c 1952 
300 |a 279-292  |c 23 cm 
300 |a [14] p.  |c 23 cm 
490 0 |a The Annals of the Ukrainian Academy of Arts and Sciences in the U. S 
561 |a Németh Gyula hagyaték 
591 |a NOA 4688 
650 4 |a Bölcsészettudományok 
650 4 |a Történettudomány és régészet 
695 |a Úzok története 
856 4 0 |u http://misc.bibl.u-szeged.hu/64302/1/4688_noa.pdf  |z Dokumentum-elérés